Suomalaisurheilua I- ja Y-kirjaimella - Statistics

Yleistilastot
  • Tätä visaa on pelattu 18 kertaa
  • Keskiarvotulos 5 / 9
Vastaustilastot
Vihje Vastaus % Oikein
Kaksinkertainen olympiamitalisti painissa Marko Yli-Hannuksela
73%
9 maalia MM-kisoissa 2011 Jarkko Immonen
67%
Harvinainen naisyleisurheilija, 3 arvokisamitalia Mikaela Ingberg
67%
Kaksinkertainen estejuoksun olympiavoittaja Volmari Iso-Hollo
67%
Suunnistuksen maailmanmestari 2001 Pasi Ikonen
60%
Olympialaisista kolme hopeaa 70-luvulla, MM-kisoista neljä kultaa Heikki Ikola
53%
Thunder Bayssa MM-hopeaa Jari Isometsä
53%
10-ottelun olympiavoittaja Paavo Yrjölä
40%
Seisoi pallon päällä, liekö runoa miettinyt Atik Ismail
27%
Ehtoja vastaavia visoja ei löytynyt
Tulosjakauma
Jokaisen tuloksen saaneiden osuus
Persentiili vastausten määrän mukaan
Tuloshistoriasi
Et ole pelannut tätä visaa